000
00344nam a2200169Ia 4500
100
_a
Farrell/Joyce
650
_a
Java
942
_c
BK
366
_f
25
654
_a
java
245
_a
Java for begineers
260
_b
Cengage Learning
_c
2008
082
_a
005.133J
_b
FAR
300
_a
557
546
_a
ENGLISH
_c
PAMPHALETS
999
_c
29163
_d
29163